Athletes on 'SNL' Quiz Stats

 Plays Quiz Updated Nov 11, 2017

Support Sporcle.
Go Orange.
Score 0/22 Timer 06:00
0 Plays Today
% Correct
Michael Phelps
95.2%
Dennis Rodman
90%
Peyton Manning
88.1%
LeBron James
83.1%
Derek Jeter
82.9%
Michael Jordan
82.2%
George Foreman
81.1%
Dwayne 'the Rock' Johnson
80.7%
Tom Brady
80.6%
Charles Barkley
78.2%
Wayne Gretzky
73.4%
% Correct
John Cena
71.9%
Joe Montana and Walter Payton
71.4%
Lance Armstrong
69.1%
Nancy Kerrigan
59.9%
Shaquille O'Neal
48.3%
Nomar Garciaparra
47.4%
Ronda Rousey
36.3%
Jeff Gordon
33%
Andy Roddick
28.8%
Kerri Strug
25.9%
Chris Evert
17.1%

You're not logged in!

Compare scores with friends on all Sporcle quizzes.
OR
Log In

From the Vault

Find the Countries of Southeast Asia

by tim_parr

We never knew they went missing?
Remove Ads.
Support Sporcle.
Get the best of Sporcle when you Go Orange. This ad-free experience offers more features, more stats, and more fun while also helping to support Sporcle. Thank you for becoming a member.

Show Comments

Extras

Top Quizzes Today


Score Distribution

Your Account Isn't Verified!

In order to create a playlist on Sporcle, you need to verify the email address you used during registration. Go to your Sporcle Settings to finish the process.

Report this User

Report this user for behavior that violates our Community Guidelines.

Details: